Efteling quiz - Statistieken

Algemene statistieken
  • Deze quiz is 37 keer genomen
  • De gemiddelde score is 4 van 7
Antwoordstatistieken
Beschrijving Antwoord % Correct
Hoe hete de attractie voor 'Danse Macabre'? Spookslot
96%
Hoeveel muziekpaddenstoelen zijn er in het sprookjesbos 19
82%
Paleis van de 5..... Zintuigen
71%
Slogan van de Efteling is Wereld vol wonderen
64%
Wat is de naam van de baron in Baron 1898? (achternaam) Hoogmoed
54%
Hoe hete het café waar de naam 'Efteling' op gebaseerd is Ersteling
25%
Hoeveel gouden toiletten zijn er in het park? twee
21%
Geen overeenkomende quizzen gevonden
Scoreverdeling
Procent van Mensen met Elke Score
Percentiel versus Aantal Correcte Antwoorden
Uw Scoregeschiedenis
U heeft deze quiz nog niet genomen